[Event "2. Bundesliga Ost 2018/2019"]
[Site "alle Wien"]
[Date "2018.12.01"]
[Round "5"]
[Board "1"]
[White "Penz, Harald"]
[Black "Hupfer, Robert"]
[Result "0-1"]
[WhiteElo "2317"]
[BlackElo "2136"]
[PlyCount "94"]
[EventDate "2018.10.06"]
[EventType "team"]
[EventRounds "11"]
[EventCountry "AUT"]
[WhiteTeam "SK Hietzing"]
[BlackTeam "DeLaVie Oberwart - www.trink-vitamine.at"]

1. e4 b6 2. d4 Bb7 3. Bd3 e6 4. Nf3 c5 5. c3 Nf6 6. Qe2 Be7 7. O-O Nc6 8. Nbd2
cxd4 9. Nxd4 Ne5 10. Ba6 Bxa6 11. Qxa6 O-O 12. Qe2 Qc7 13. N2b3 Qc4 14. Re1
Qxe2 15. Rxe2 Nc4 16. Nd2 Nxd2 17. Bxd2 Rac8 18. Bg5 Rc5 19. f4 h6 20. Bxf6
Bxf6 21. Rd1 Bxd4+ 22. Rxd4 Rd8 23. Red2 Rc7 24. Kf2 Kf8 25. Ke3 Ke7 26. g4 g5
27. f5 e5 28. Rd5 f6 29. h4 Rh8 30. Rh2 Rcc8 31. Rd1 Rcg8 32. a4 h5 33. Rdh1
hxg4 34. hxg5 Rxh2 35. gxf6+ Kxf6 36. Rxh2 g3 37. Rg2 d5 38. a5 dxe4 39. axb6
axb6 40. c4 Kxf5 41. b4 Kg4 42. Kxe4 Kh3 43. Rxg3+ Kxg3 44. Kxe5 Rg4 45. Kd5
Kf3 46. b5 Ke3 47. Kc6 Rg6+  0-1

[Event "2. Bundesliga Ost 2018/2019"]
[Site "alle Wien"]
[Date "2018.12.01"]
[Round "5"]
[Board "2"]
[White "Benkoe, Markus"]
[Black "Schroll, Gerhard"]
[Result "0-1"]
[WhiteElo "2000"]
[BlackElo "2304"]
[PlyCount "86"]
[EventDate "2018.10.06"]
[EventType "team"]
[EventRounds "11"]
[EventCountry "AUT"]
[WhiteTeam "DeLaVie Oberwart - www.trink-vitamine.at"]
[BlackTeam "SK Hietzing"]

1. d4 d6 2. c4 e5 3. dxe5 dxe5 4. Qxd8+ Kxd8 5. Nc3 Be6 6. b3 Nd7 7. g3 c6 8.
Bg2 Kc7 9. Nf3 f6 10. O-O a5 11. Be3 Nh6 12. Bxh6 gxh6 13. Na4 Nc5 14. Nxc5
Bxc5 15. Nd2 a4 16. Ne4 Be7 17. Nc3 axb3 18. axb3 Rxa1 19. Rxa1 Rd8 20. h4 Rd2
21. Ra2 Rxa2 22. Nxa2 Bf5 23. e4 Be6 24. Kh2 b5 25. cxb5 Bxb3 26. Nc1 Bc4 27.
Bf3 Ba3 28. Be2 cxb5 29. Bxc4 bxc4 30. Ne2 Bb2 31. h5 c3 32. Kh3 c2 33. Kg4 Kd6
34. Kf5 Kc5 35. f4 Kc4 36. Kg4 Kd3 37. Kf3 Kd2 38. Kf2 Bd4+ 39. Kf3 Bb6 40.
fxe5 fxe5 41. g4 Be3 42. g5 hxg5 43. h6 g4+  0-1

[Event "2. Bundesliga Ost 2018/2019"]
[Site "alle Wien"]
[Date "2018.12.01"]
[Round "5"]
[Board "3"]
[White "Mozny, Milos"]
[Black "Prochaska, Juergen"]
[Result "1/2-1/2"]
[WhiteElo "2283"]
[BlackElo "1882"]
[PlyCount "68"]
[EventDate "2018.10.06"]
[EventType "team"]
[EventRounds "11"]
[EventCountry "AUT"]
[WhiteTeam "SK Hietzing"]
[BlackTeam "DeLaVie Oberwart - www.trink-vitamine.at"]

1. d4 Nf6 2. g3 g6 3. Bg2 Bg7 4. c4 c5 5. Nf3 O-O 6. Nc3 cxd4 7. Nxd4 Nc6 8. c5
Nxd4 9. Qxd4 d6 10. cxd6 Ne8 11. Qd3 Nxd6 12. O-O Nf5 13. Rd1 Qxd3 14. Rxd3 Rb8
15. e4 Nd4 16. Bg5 Re8 17. Rad1 Ne6 18. Be3 b6 19. R3d2 Nc5 20. Nd5 Bb7 21. b4
Bxd5 22. Rxd5 e6 23. R5d2 Na4 24. Rd7 a5 25. Ra7 Nc3 26. Rdd7 Nb5 27. Rab7 Rxb7
28. Rxb7 axb4 29. Rxb6 Nc3 30. Rxb4 Nxa2 31. Rb7 h5 32. f4 Nc3 33. Kf2 Nd1+ 34.
Ke2 Nxe3  1/2-1/2

[Event "2. Bundesliga Ost 2018/2019"]
[Site "alle Wien"]
[Date "2018.12.01"]
[Round "5"]
[Board "4"]
[White "Somogyi, Juergen"]
[Black "Djeno, Drago"]
[Result "0-1"]
[WhiteElo "1849"]
[BlackElo "2253"]
[PlyCount "104"]
[EventDate "2018.10.06"]
[EventType "team"]
[EventRounds "11"]
[EventCountry "AUT"]
[WhiteTeam "DeLaVie Oberwart - www.trink-vitamine.at"]
[BlackTeam "SK Hietzing"]

1. Nf3 c5 2. c4 Nf6 3. Nc3 g6 4. e3 Bg7 5. d4 O-O 6. Be2 b6 7. O-O d6 8. Qc2
Nc6 9. a3 Bf5 10. Bd3 cxd4 11. exd4 Bg4 12. Be3 Bxf3 13. gxf3 Rc8 14. Rfd1 d5
15. Qe2 dxc4 16. Bxc4 Na5 17. Ba2 Qd7 18. Rd2 Qf5 19. Rad1 Rfd8 20. Bb1 Qh3 21.
Be4 Nc4 22. Rd3 Qh4 23. Bb7 Rc7 24. Ba6 Nd6 25. Qd2 Nf5 26. Bf4 Bh6 27. Bxh6
Nxh6 28. d5 Nf5 29. Re1 Qh3 30. Qg5 h6 31. Qg2 Qh4 32. Re5 Qf4 33. Re1 Kf8 34.
Bb5 Rc5 35. Red1 Qe5 36. Bc6 Rc4 37. Ne4 Nh4 38. Qg3 Qxg3+ 39. fxg3 Nxf3+ 40.
Rxf3 Nxe4 41. Rfd3 Rd6 42. Rd4 Rxd4 43. Rxd4 Nf6 44. Ra4 Nxd5 45. Bxd5 Rxd5 46.
Rxa7 Rd1+ 47. Kg2 Rd2+ 48. Kf3 Rxb2 49. Ke4 Rxh2 50. Kd5 h5 51. Kc6 Rb2 52. a4
Rb4  0-1

[Event "2. Bundesliga Ost 2018/2019"]
[Site "alle Wien"]
[Date "2018.12.01"]
[Round "5"]
[Board "5"]
[White "Todor, Razvan"]
[Black "Somogyi, Adolf"]
[Result "1-0"]
[WhiteElo "2178"]
[BlackElo "1843"]
[PlyCount "89"]
[EventDate "2018.10.06"]
[EventType "team"]
[EventRounds "11"]
[EventCountry "AUT"]
[WhiteTeam "SK Hietzing"]
[BlackTeam "DeLaVie Oberwart - www.trink-vitamine.at"]

1. e4 e6 2. d3 d5 3. Nd2 c5 4. g3 g6 5. Bg2 Bg7 6. Qe2 Ne7 7. Ngf3 Nbc6 8. O-O
O-O 9. Re1 b6 10. h4 Ba6 11. a3 Rc8 12. Rb1 Nd4 13. Qd1 Nec6 14. Nh2 Nxc2 15.
Qxc2 Nd4 16. Qd1 Bxd3 17. exd5 exd5 18. Ng4 Nc2 19. Rf1 Re8 20. Qf3 Bxf1 21.
Nxf1 d4 22. Nh6+ Bxh6 23. Bxh6 Ne1 24. Qf4 Nxg2 25. Kxg2 Qd5+ 26. Kg1 Qe4 27.
Qf6 Qe5 28. Qf3 Qe4 29. Qd1 b5 30. Nh2 Qe2 31. Qc1 f5 32. Kg2 c4 33. Nf3 Qe4
34. Qh1 Qg4 35. Re1 Rxe1 36. Qxe1 Qe4 37. Qa5 Qc6 38. Qxa7 Qc7 39. Qxd4 c3 40.
bxc3 Qxc3 41. Qd5+ Kh8 42. Ne5 Qc5 43. Qe6 Qa7 44. Nf7+ Kg8 45. Nd6+  1-0

[Event "2. Bundesliga Ost 2018/2019"]
[Site "alle Wien"]
[Date "2018.12.01"]
[Round "5"]
[Board "6"]
[White "Koller, David"]
[Black "Smith, Jeff"]
[Result "1/2-1/2"]
[WhiteElo "1584"]
[BlackElo "2149"]
[PlyCount "79"]
[EventDate "2018.10.06"]
[EventType "team"]
[EventRounds "11"]
[EventCountry "AUT"]
[WhiteTeam "DeLaVie Oberwart - www.trink-vitamine.at"]
[BlackTeam "SK Hietzing"]

1. e4 e6 2. d4 d5 3. exd5 exd5 4. Bf4 Nf6 5. Nc3 c6 6. Qd2 Bb4 7. Bd3 O-O 8.
O-O-O Nbd7 9. f3 b5 10. Nge2 Nb6 11. g4 a5 12. Qe1 Ne8 13. Qg3 Be7 14. Qh3 g6
15. Qg3 b4 16. Nb1 Bh4 17. Qg2 Nd6 18. Nd2 Ndc4 19. Ng3 Re8 20. Rde1 Rxe1+ 21.
Rxe1 Be6 22. Re2 Bg5 23. Bxg5 Qxg5 24. Ngf1 a4 25. Qf2 Nxd2 26. Rxd2 Nc4 27.
Bxc4 dxc4 28. Qe3 Qxe3 29. Nxe3 c3 30. Rd3 cxb2+ 31. Kxb2 a3+ 32. Kb1 Rb8 33.
d5 cxd5 34. Nxd5 Bxd5 35. Rxd5 Re8 36. Kc1 Re1+ 37. Rd1 Re2 38. Rd2 Re1+ 39.
Rd1 Re2 40. Rd2  1/2-1/2

[Event "2. Bundesliga Ost 2018/2019"]
[Site "alle Wien"]
[Date "2018.12.01"]
[Round "5"]
[Board "1"]
[White "Wiedermann, Daniel"]
[Black "Schwarhofer, Christopher"]
[Result "1/2-1/2"]
[WhiteElo "2067"]
[BlackElo "2379"]
[PlyCount "61"]
[EventDate "2018.10.06"]
[EventType "team"]
[EventRounds "11"]
[EventCountry "AUT"]
[WhiteTeam "Wiener Amateurschachklub"]
[BlackTeam "Blackburne Nickelsdorf"]

1. d4 Nf6 2. c4 c5 3. d5 b5 4. cxb5 a6 5. bxa6 Bxa6 6. Nf3 d6 7. Nc3 g6 8. e4
Bxf1 9. Kxf1 Nbd7 10. h3 Bg7 11. g3 O-O 12. Kg2 Qa5 13. Re1 Nb6 14. e5 Nfd7 15.
Bg5 Nxe5 16. Nxe5 Bxe5 17. Bxe7 Rfe8 18. Rxe5 dxe5 19. d6 Qa7 20. Ne4 Rxe7 21.
dxe7 Qxe7 22. Qc2 c4 23. b3 Rc8 24. Rd1 cxb3 25. Qxb3 Qb7 26. Kg1 Qxe4 27. Qxb6
Kg7 28. Qa5 Ra8 29. Re1 Rxa5 30. Rxe4 Rxa2 31. Rxe5  1/2-1/2

[Event "2. Bundesliga Ost 2018/2019"]
[Site "alle Wien"]
[Date "2018.12.01"]
[Round "5"]
[Board "2"]
[White "Bachofner, Andreas"]
[Black "Rihtar, Gottfried"]
[Result "1/2-1/2"]
[WhiteElo "2184"]
[BlackElo "2062"]
[PlyCount "65"]
[EventDate "2018.10.06"]
[EventType "team"]
[EventRounds "11"]
[EventCountry "AUT"]
[WhiteTeam "Blackburne Nickelsdorf"]
[BlackTeam "Wiener Amateurschachklub"]

1. e4 d5 2. exd5 Nf6 3. Nc3 Nxd5 4. Bc4 c6 5. Qf3 e6 6. Nge2 Nd7 7. d4 Qf6 8.
Qxf6 N7xf6 9. O-O Be7 10. Bg5 O-O 11. Nxd5 exd5 12. Bd3 Re8 13. Rfe1 Bd7 14. c3
h6 15. Bf4 Ne4 16. f3 Nd6 17. Ng3 Nc4 18. b3 Bd6 19. Bxd6 Nxd6 20. Kf2 Kf8 21.
Rxe8+ Rxe8 22. Re1 Rxe1 23. Kxe1 g6 24. Kd2 f5 25. Ne2 Ke7 26. c4 dxc4 27. bxc4
b6 28. Nc3 Kf6 29. Ne2 g5 30. Nc3 f4 31. Ne4+ Ke7 32. Nxd6 Kxd6 33. Kc3  1/2-1/2

[Event "2. Bundesliga Ost 2018/2019"]
[Site "alle Wien"]
[Date "2018.12.01"]
[Round "5"]
[Board "3"]
[White "Reyes-Acevedo, Ismael"]
[Black "Kuntner, Reinhard"]
[Result "1/2-1/2"]
[WhiteElo "1964"]
[BlackElo "2024"]
[PlyCount "65"]
[EventDate "2018.10.06"]
[EventType "team"]
[EventRounds "11"]
[EventCountry "AUT"]
[WhiteTeam "Wiener Amateurschachklub"]
[BlackTeam "Blackburne Nickelsdorf"]

1. e4 Nf6 2. e5 Nd5 3. c4 Nb6 4. d4 d6 5. exd6 exd6 6. Nc3 Be7 7. Bd3 Nc6 8.
Be3 O-O 9. Nge2 Bg4 10. O-O Nb4 11. b3 Nxd3 12. Qxd3 Qd7 13. Ng3 d5 14. c5 Nc8
15. h3 Be6 16. f4 Bh4 17. Nce2 Bxg3 18. Nxg3 f5 19. Rf2 c6 20. Rc1 Kh8 21. Nf1
Ne7 22. Nh2 Ng8 23. Nf3 Nf6 24. Ne5 Qe8 25. Rfc2 Ne4 26. Qe2 a5 27. a3 Ng3 28.
Qf2 Ne4 29. Qf3 g6 30. Kh2 Rc8 31. Bd2 Qd8 32. Be1 Kg7 33. g3  1/2-1/2

[Event "2. Bundesliga Ost 2018/2019"]
[Site "alle Wien"]
[Date "2018.12.01"]
[Round "5"]
[Board "4"]
[White "Bachofner, Christian"]
[Black "Jirovec, Alfred"]
[Result "1/2-1/2"]
[WhiteElo "2012"]
[BlackElo "1977"]
[PlyCount "34"]
[EventDate "2018.10.06"]
[EventType "team"]
[EventRounds "11"]
[EventCountry "AUT"]
[WhiteTeam "Blackburne Nickelsdorf"]
[BlackTeam "Wiener Amateurschachklub"]

1. e4 c5 2. Nf3 a6 3. d4 cxd4 4. Nxd4 d6 5. Nc3 e6 6. Bc4 Nf6 7. Bb3 Be7 8. Be3
Qc7 9. Qe2 Bd7 10. g4 h6 11. O-O-O Nc6 12. f3 Na5 13. h4 Nxb3+ 14. axb3 Rc8 15.
g5 Nh5 16. Qg2 hxg5 17. hxg5 g6  1/2-1/2

[Event "2. Bundesliga Ost 2018/2019"]
[Site "alle Wien"]
[Date "2018.12.01"]
[Round "5"]
[Board "5"]
[White "Jirovec, Peter"]
[Black "Adler, Thomas"]
[Result "1/2-1/2"]
[WhiteElo "1748"]
[BlackElo "1934"]
[PlyCount "72"]
[EventDate "2018.10.06"]
[EventType "team"]
[EventRounds "11"]
[EventCountry "AUT"]
[WhiteTeam "Wiener Amateurschachklub"]
[BlackTeam "Blackburne Nickelsdorf"]

1. e4 e6 2. d4 d5 3. exd5 exd5 4. Nf3 Bd6 5. Nc3 c6 6. Bd3 Qe7+ 7. Qe2 Qxe2+ 8.
Nxe2 Ne7 9. O-O O-O 10. Bf4 Bxf4 11. Nxf4 Nd7 12. Rae1 Ng6 13. Nxg6 hxg6 14.
Re7 Nf6 15. Rfe1 Bd7 16. Ne5 Rad8 17. Nxd7 Rxd7 18. Rxd7 Nxd7 19. Re7 Rd8 20.
b4 Kf8 21. Re1 Re8 22. Rxe8+ Kxe8 23. a4 a6 24. f4 Ke7 25. Kf2 f5 26. g4 Nf6
27. gxf5 Nh5 28. Kf3 gxf5 29. Bxf5 Nf6 30. h4 Ne8 31. Bg6 Nd6 32. Bd3 Kf6 33.
Kg4 Ne8 34. h5 Nd6 35. f5 b5 36. axb5 axb5  1/2-1/2

[Event "2. Bundesliga Ost 2018/2019"]
[Site "alle Wien"]
[Date "2018.12.01"]
[Round "5"]
[Board "6"]
[White "Wolf, Stefan"]
[Black "Fuss, Christoph"]
[Result "1/2-1/2"]
[WhiteElo "1920"]
[BlackElo "1603"]
[PlyCount "75"]
[EventDate "2018.10.06"]
[EventType "team"]
[EventRounds "11"]
[EventCountry "AUT"]
[WhiteTeam "Blackburne Nickelsdorf"]
[BlackTeam "Wiener Amateurschachklub"]

1. d4 d5 2. f4 Nf6 3. Nf3 e6 4. e3 Bd6 5. Bd3 Nbd7 6. Nbd2 O-O 7. O-O b6 8. Qe2
Bb7 9. c3 c5 10. g3 h6 11. Ne5 Re8 12. Qf3 Rc8 13. h3 Nh7 14. Qh5 Rf8 15. Nxf7
Qe7 16. Qg6 Nhf6 17. Nxd6 Qxd6 18. Nf3 Qe7 19. Kg2 Qe8 20. Qxe8 Rcxe8 21. Bd2
c4 22. Bc2 Ne4 23. Rad1 Nxd2 24. Rxd2 b5 25. a3 a5 26. Ne5 Nxe5 27. fxe5 Rxf1
28. Kxf1 Rf8+ 29. Kg2 Bc8 30. Rf2 Rxf2+ 31. Kxf2 Kf7 32. h4 Bd7 33. Kf3 a4 34.
g4 g6 35. g5 h5 36. Kf4 Bc6 37. Bd1 Bb7 38. Bf3  1/2-1/2

[Event "2. Bundesliga Ost 2018/2019"]
[Site "alle Wien"]
[Date "2018.12.01"]
[Round "5"]
[Board "1"]
[White "Jovanovic, Dusan"]
[Black "Baumegger, Siegfried"]
[Result "1-0"]
[WhiteElo "2401"]
[BlackElo "2446"]
[PlyCount "81"]
[EventDate "2018.10.06"]
[EventType "team"]
[EventRounds "11"]
[EventCountry "AUT"]
[WhiteTeam "SK Sparkasse Bad Voeslau"]
[BlackTeam "tschaturanga"]

1. Nf3 d5 2. b3 Nf6 3. Bb2 e6 4. e3 Be7 5. g3 O-O 6. Bg2 c5 7. O-O Nc6 8. Qe2
a5 9. a4 b6 10. Na3 Ba6 11. Nb5 Ne4 12. d3 Nd6 13. c4 Nb4 14. Rfd1 Rc8 15. Bc3
Bxb5 16. axb5 Bf6 17. Ne5 Qc7 18. f4 Nf5 19. e4 dxe4 20. Bxe4 Rcd8 21. Bxf5
exf5 22. d4 cxd4 23. Rxd4 Rxd4 24. Bxd4 Rd8 25. Rd1 Be7 26. Bf2 Bd6 27. Nf3 h6
28. Rd2 Kh7 29. Qd1 Be7 30. Rxd8 Bxd8 31. Ne5 Bf6 32. Nd7 Qb7 33. Nxb6 Qe4 34.
Nd5 Nd3 35. Nxf6+ gxf6 36. b6 Kg6 37. h3 h5 38. Qd2 h4 39. Qe3 hxg3 40. Qxg3+
Kh7 41. Qe3  1-0

[Event "2. Bundesliga Ost 2018/2019"]
[Site "alle Wien"]
[Date "2018.12.01"]
[Round "5"]
[Board "2"]
[White "Sadilek, Peter"]
[Black "Juhasz, Armin"]
[Result "0-1"]
[WhiteElo "2291"]
[BlackElo "2365"]
[PlyCount "86"]
[EventDate "2018.10.06"]
[EventType "team"]
[EventRounds "11"]
[EventCountry "AUT"]
[WhiteTeam "tschaturanga"]
[BlackTeam "SK Sparkasse Bad Voeslau"]

1. d4 Nf6 2. c4 e6 3. g3 Bb4+ 4. Nc3 O-O 5. Bg2 d6 6. Nf3 Bxc3+ 7. bxc3 Bd7 8.
O-O Bc6 9. Rb1 Be4 10. Rb2 Nbd7 11. Bg5 h6 12. Bf4 Re8 13. Qc1 e5 14. Be3 Nb6
15. dxe5 dxe5 16. c5 Nc4 17. Rb4 Nxe3 18. Qxe3 Bc6 19. c4 Qe7 20. Nh4 e4 21.
Bh3 Rad8 22. Rbb1 Qe5 23. Rfd1 Qh5 24. Qf4 Rxd1+ 25. Rxd1 Qxe2 26. Rd4 e3 27.
fxe3 Qe1+ 28. Bf1 Qxe3+ 29. Qxe3 Rxe3 30. Rd8+ Re8 31. Rxe8+ Nxe8 32. Nf5 Nf6
33. Bg2 Bxg2 34. Kxg2 g6 35. Ne7+ Kf8 36. Nc8 a6 37. c6 bxc6 38. Na7 Ke7 39.
Nxc6+ Kd6 40. Nd8 Kc5 41. Nxf7 Kxc4 42. Ne5+ Kc3 43. Nc6 Nd5  0-1

[Event "2. Bundesliga Ost 2018/2019"]
[Site "alle Wien"]
[Date "2018.12.01"]
[Round "5"]
[Board "3"]
[White "Plachetka, Jan"]
[Black "Sadilek, Maximilian"]
[Result "1-0"]
[WhiteElo "2305"]
[BlackElo "2245"]
[PlyCount "49"]
[EventDate "2018.10.06"]
[EventType "team"]
[EventRounds "11"]
[EventCountry "AUT"]
[WhiteTeam "SK Sparkasse Bad Voeslau"]
[BlackTeam "tschaturanga"]

1. d4 e6 2. e4 b6 3. Bd3 Bb7 4. Ne2 d6 5. c4 Nd7 6. Nbc3 g6 7. O-O Bg7 8. f4
Ne7 9. f5 exf5 10. exf5 Nxf5 11. Bxf5 gxf5 12. Ng3 Qf6 13. Nxf5 O-O-O 14. Nb5
Qe6 15. d5 Qe5 16. Bd2 Qxb2 17. Rb1 Qxa2 18. Nxg7 Qxc4 19. Nxd6+ cxd6 20. Rc1
Bxd5 21. Bg5 Kb7 22. Rxc4 Bxc4 23. Bxd8 Bxf1 24. Kxf1 Rxd8 25. Qxd6  1-0

[Event "2. Bundesliga Ost 2018/2019"]
[Site "alle Wien"]
[Date "2018.12.01"]
[Round "5"]
[Board "4"]
[White "Kreindl, Helmut"]
[Black "Grimm, Daniel"]
[Result "0-1"]
[WhiteElo "2189"]
[BlackElo "2288"]
[PlyCount "70"]
[EventDate "2018.10.06"]
[EventType "team"]
[EventRounds "11"]
[EventCountry "AUT"]
[WhiteTeam "tschaturanga"]
[BlackTeam "SK Sparkasse Bad Voeslau"]

1. d4 d6 2. Nf3 g6 3. e3 Bg7 4. b4 Nf6 5. Be2 O-O 6. O-O c5 7. bxc5 dxc5 8. c3
Nc6 9. Nbd2 Qc7 10. Bb2 Rd8 11. Qc2 e5 12. Rfd1 b6 13. Bb5 exd4 14. cxd4 Nb4
15. Qb3 Ba6 16. Bxa6 Nxa6 17. Rac1 Rac8 18. Ba3 Bf8 19. Qb5 Qb7 20. Nb3 Nc7 21.
Qe2 cxd4 22. Bxf8 Kxf8 23. Nbxd4 Na6 24. Qb2 Kg7 25. g4 h6 26. h4 Rxc1 27. Rxc1
Kg8 28. g5 hxg5 29. hxg5 Ne4 30. Nc6 Re8 31. Kg2 Qd7 32. Rh1 Qg4+ 33. Kf1 Ng3+
34. fxg3 Qxf3+ 35. Qf2 Qxh1+  0-1

[Event "2. Bundesliga Ost 2018/2019"]
[Site "alle Wien"]
[Date "2018.12.01"]
[Round "5"]
[Board "5"]
[White "Wilke, Werner"]
[Black "Leitner, Gerald"]
[Result "1-0"]
[WhiteElo "2223"]
[BlackElo "2103"]
[PlyCount "80"]
[EventDate "2018.10.06"]
[EventType "team"]
[EventRounds "11"]
[EventCountry "AUT"]
[WhiteTeam "SK Sparkasse Bad Voeslau"]
[BlackTeam "tschaturanga"]

1. e4 e5 2. Nf3 Nc6 3. Bc4 Bc5 4. O-O Nf6 5. d4 Bxd4 6. Nxd4 Nxd4 7. f4 d6 8.
fxe5 dxe5 9. Bg5 Be6 10. Na3 Qe7 11. Bxf6 gxf6 12. c3 Bxc4 13. Nxc4 Ne6 14. b4
Rd8 15. Qe1 Nf4 16. Kh1 h5 17. g3 Ng6 18. Ne3 Qe6 19. Rd1 Rxd1 20. Qxd1 c6 21.
Nf5 Rg8 22. Qd3 Qd7 23. Qf3 h4 24. Rd1 Qc7 25. gxh4 Nf4 26. h5 Rh8 27. h6 a5
28. Qg4 Ne6 29. Ng7+ Nxg7 30. Qxg7 Rf8 31. h7 axb4 32. Qxf8+ Kxf8 33. h8=Q+ Ke7
34. cxb4 b6 35. Qh3 c5 36. bxc5 bxc5 37. Qd3 c4 38. Qa3+ Ke6 39. Qa6+ Ke7 40.
Rb1 Qc5  1-0

[Event "2. Bundesliga Ost 2018/2019"]
[Site "alle Wien"]
[Date "2018.12.01"]
[Round "5"]
[Board "6"]
[White "Devine, Christopher"]
[Black "Dittel, Herbert"]
[Result "1-0"]
[WhiteElo "2088"]
[BlackElo "2060"]
[PlyCount "64"]
[EventDate "2018.10.06"]
[EventType "team"]
[EventRounds "11"]
[EventCountry "AUT"]
[WhiteTeam "tschaturanga"]
[BlackTeam "SK Sparkasse Bad Voeslau"]

1. d4 Nf6 2. Nf3 d5 3. c4 c6 4. g3 Bf5 5. Bg2 e6 6. O-O Bd6 7. Nc3 h6 8. Bf4
Bxf4 9. gxf4 O-O 10. Ne5 Ne4 11. cxd5 exd5 12. Nxe4 Bxe4 13. Bxe4 dxe4 14. Qb3
b6 15. Rfd1 Qf6 16. Qe3 Qf5 17. Rac1 Rc8 18. f3 exf3 19. Qxf3 f6 20. e4 Qe6 21.
d5 Qe8 22. Nc4 cxd5 23. exd5 Nd7 24. Kh1 Qe7 25. d6 Qf7 26. Re1 Re8 27. Re7
Rxe7 28. dxe7 Re8 29. Nd6 Qxe7 30. Nxe8 Qxe8 31. b4 Qe6 32. Rd1 Qxa2  1-0

[Event "2. Bundesliga Ost 2018/2019"]
[Site "alle Wien"]
[Date "2018.12.01"]
[Round "5"]
[Board "1"]
[White "Petrik, Tomas"]
[Black "Blohberger, Felix"]
[Result "1/2-1/2"]
[WhiteElo "2481"]
[BlackElo "2433"]
[PlyCount "71"]
[EventDate "2018.10.06"]
[EventType "team"]
[EventRounds "11"]
[EventCountry "AUT"]
[WhiteTeam "SG Mistelbach/Altlichtenwarth"]
[BlackTeam "mpimmo Wien - SK Ottakring"]

1. e4 c5 2. Nf3 d6 3. d4 cxd4 4. Nxd4 Nf6 5. Nc3 a6 6. a4 e6 7. Be2 Be7 8. O-O
O-O 9. a5 Nc6 10. Nb3 b5 11. axb6 Qxb6 12. Be3 Qc7 13. Ra4 Nd7 14. Qd2 Bb7 15.
Rfa1 Nb6 16. R4a2 Bf6 17. Bxa6 Bxa6 18. Rxa6 Rxa6 19. Rxa6 Nc4 20. Qe2 Nb4 21.
Nb5 Qc8 22. Ra4 Nxe3 23. Rxb4 Qxc2 24. Qxc2 Nxc2 25. Rc4 Ne1 26. Nxd6 Nd3 27.
Rc2 g5 28. Nc5 Nxc5 29. Rxc5 Rd8 30. e5 Bxe5 31. Rxe5 Rxd6 32. Rxg5+ Kf8 33. g3
Rb6 34. Rh5 Kg7 35. Rg5+ Kf8 36. Kg2  1/2-1/2

[Event "2. Bundesliga Ost 2018/2019"]
[Site "alle Wien"]
[Date "2018.12.01"]
[Round "5"]
[Board "2"]
[White "Neubauer, Martin"]
[Black "Mikes, Jan"]
[Result "1/2-1/2"]
[WhiteElo "2428"]
[BlackElo "2307"]
[PlyCount "97"]
[EventDate "2018.10.06"]
[EventType "team"]
[EventRounds "11"]
[EventCountry "AUT"]
[WhiteTeam "mpimmo Wien - SK Ottakring"]
[BlackTeam "SG Mistelbach/Altlichtenwarth"]

1. e4 c5 2. d4 cxd4 3. c3 d3 4. Bxd3 g6 5. Nf3 Bg7 6. O-O Nf6 7. c4 d6 8. h3
O-O 9. Nc3 Nbd7 10. Be3 b6 11. Rc1 Bb7 12. Re1 Rc8 13. b4 a6 14. Qd2 Re8 15.
Bh6 Bh8 16. Bf1 Qc7 17. Bf4 Qb8 18. Qe3 Qa8 19. e5 dxe5 20. Nxe5 a5 21. a3 axb4
22. axb4 Qa3 23. Nd5 Qxe3 24. Nxe3 Nb8 25. N3g4 Nxg4 26. hxg4 f6 27. Nd3 e5 28.
Be3 Nd7 29. c5 b5 30. f4 Bc6 31. g3 f5 32. gxf5 gxf5 33. Bh3 Rf8 34. fxe5 Bxe5
35. Bh6 Bd4+ 36. Kh2 Rf7 37. Be3 Bg7 38. Bf4 Ra8 39. Re2 Ra3 40. Rd1 Bf3 41.
Re8+ Nf8 42. Rd2 Bc6 43. Rc8 Bc3 44. Re2 Bf3 45. Rf2 Bb7 46. Rb8 Bd4 47. Rd2
Bc3 48. Rf2 Bd4 49. Rd2  1/2-1/2

[Event "2. Bundesliga Ost 2018/2019"]
[Site "alle Wien"]
[Date "2018.12.01"]
[Round "5"]
[Board "3"]
[White "Hofmann, Thomas"]
[Black "Gstach, Jakob"]
[Result "1/2-1/2"]
[WhiteElo "2262"]
[BlackElo "2276"]
[PlyCount "153"]
[EventDate "2018.10.06"]
[EventType "team"]
[EventRounds "11"]
[EventCountry "AUT"]
[WhiteTeam "SG Mistelbach/Altlichtenwarth"]
[BlackTeam "mpimmo Wien - SK Ottakring"]

1. d4 Nf6 2. c4 g6 3. Nc3 Bg7 4. e4 d6 5. Be2 O-O 6. Be3 e5 7. d5 Na6 8. g4 Nc5
9. Bf3 a5 10. g5 Ne8 11. h4 c6 12. dxc6 Nc7 13. Qd2 bxc6 14. O-O-O N7e6 15.
Nge2 a4 16. Qxd6 Qa5 17. Bxc5 Nxc5 18. Qxc6 Be6 19. Qb5 Qa7 20. Nd5 Rab8 21.
Qc6 Rfc8 22. Qd6 Bxd5 23. Rxd5 Rb6 24. Rxc5 Rxd6 25. Rxc8+ Bf8 26. c5 Rd7 27.
Nc3 Rc7 28. Rxc7 Qxc7 29. Rd1 Qxc5 30. Rd2 a3 31. Rc2 axb2+ 32. Kb1 Qa3 33. Be2
Kg7 34. Bc4 Bc5 35. Bb3 Qb4 36. Kxb2 Bd4 37. f3 f6 38. a3 Qc5 39. Bd5 Qb5+ 40.
Ka2 Qd3 41. Kb3 Qxf3 42. a4 fxg5 43. hxg5 Qg3 44. a5 Qxg5 45. Nb5 Qe3+ 46. Ka4
h5 47. Nc7 h4 48. Ne8+ Kh6 49. Nf6 Kg5 50. Nh7+ Kh6 51. Nf6 Kg7 52. Ng4 Qf3 53.
Rc7+ Kf8 54. Rf7+ Qxf7 55. Bxf7 Kxf7 56. Kb5 Ke6 57. Kc6 h3 58. a6 g5 59. Kc7
Ke7 60. Nh2 Kf6 61. Kd6 Kg6 62. Nf3 Be3 63. Kxe5 g4 64. Nd4 g3 65. a7 Bxd4+ 66.
Kxd4 g2 67. a8=Q g1=Q+ 68. Kd5 h2 69. Qg8+ Kh5 70. Qh7+ Kg4 71. Qg7+ Kf3 72.
Qf6+ Ke2 73. Qb2+ Kf1 74. Qc1+ Kg2 75. Qg5+ Kh1 76. Qh5 Qf1 77. Qg4  1/2-1/2

[Event "2. Bundesliga Ost 2018/2019"]
[Site "alle Wien"]
[Date "2018.12.01"]
[Round "5"]
[Board "4"]
[White "Steiner, Adam"]
[Black "Groetz, Harald"]
[Result "0-1"]
[WhiteElo "2219"]
[BlackElo "2339"]
[PlyCount "86"]
[EventDate "2018.10.06"]
[EventType "team"]
[EventRounds "11"]
[EventCountry "AUT"]
[WhiteTeam "mpimmo Wien - SK Ottakring"]
[BlackTeam "SG Mistelbach/Altlichtenwarth"]

1. e4 c5 2. c3 Nf6 3. e5 Nd5 4. Nf3 e6 5. d4 cxd4 6. cxd4 d6 7. Bc4 Nb6 8. Bd3
dxe5 9. dxe5 Nc6 10. O-O Nb4 11. Be4 Qxd1 12. Rxd1 N4d5 13. Nc3 Nxc3 14. bxc3
Na4 15. Bg5 Be7 16. Rac1 Nc5 17. Bxe7 Kxe7 18. Bc2 Bd7 19. Rd6 Rac8 20. Kf1 Rc7
21. Nd4 Rhc8 22. c4 Be8 23. Rd1 Nd7 24. f4 Rxc4 25. Rd2 g6 26. Ke2 Nc5 27. g3
Rb4 28. Nf3 Bb5+ 29. Kd1 Bc6 30. Ng5 h6 31. Nh7 Nd7 32. Bb3 Rh8 33. Nf6 Nxf6
34. exf6+ Kxf6 35. Kc2 Rc8 36. Kb2 a5 37. Ka3 Re4 38. Bc2 Re3+ 39. Kb2 b5 40.
R6d3 Rxd3 41. Bxd3 Rd8 42. Kc2 b4 43. Re2 Rxd3  0-1